Návrh na zefektívnenie výrobného procesu v podniku Faurecia Automotive Slovakia s.r.o

Salvato in:
Dettagli Bibliografici
Autore principale: Porubská, Adriána (Autore)
Altri autori: Horňáková, Natália (Relatore della tesi)
Natura: Manoscritto Libro
Lingua:slovacco
Pubblicazione: 2019
Soggetti:
Accesso online:http://is.stuba.sk/zp/portal_zp.pl?podrobnosti=144099
Tags: Aggiungi Tag
Nessun Tag, puoi essere il primo ad aggiungerne!!

MARC

LEADER 00000ntm a22000003a 4500
001 stuzp73197
003 SK-STU
005 20190608211530.3
007 ta
008 150427s2015----xo-----f-mn---000-0-slo-d
040 |a STU  |b slo 
041 0 |a slo 
100 1 |a Porubská, Adriána  |u 064000  |k Z4  |4 aut  |U MTF Materiálovotechnologická fakulta  |T MTF Ústav priemyselného inžinierstva a manažmentu  |X 65075  |U M4000  |Y 84  |7 65075 
242 0 1 |a The proposal to improve the production process in enterprise Faurecia Automotive Slovakia s.r.o  |y eng 
245 1 0 |a Návrh na zefektívnenie výrobného procesu v podniku Faurecia Automotive Slovakia s.r.o 
260 |c 2019 
650 4 |a výrobný manažment  |2 slo 
650 4 |a SMED  |2 slo 
650 4 |a štíhla výroba  |2 slo 
650 4 |a plytvanie  |2 slo 
650 4 |a production management  |2 eng 
650 4 |a SMED  |2 eng 
650 4 |a lean manufacturing  |2 eng 
650 4 |a waste  |2 eng 
700 1 |a Horňáková, Natália  |u 064000  |k Z1  |4 ths  |U MTF Materiálovotechnologická fakulta  |T MTF Ústav priemyselného inžinierstva a manažmentu  |X 38384  |U M4000  |Y 84  |7 A000038384 
856 4 |u http://is.stuba.sk/zp/portal_zp.pl?podrobnosti=144099 
996 |c M* DP-14068  |l MMSKP  |s P  |a 0  |w stuzp73197_0001